000
00193 a2200097 4500
001
13898
100
_a
Brett J M
245
_a
Diecast
260
_a
London
_b
Pan Books
_c
090
_c
10866
_d
10866
942
_a
NUST-CAE
_c
M
_c
965
999
_c
248971
_d
248971